Nghiên cứu quy trình nhân giống in vitro cây Lavender (Lavandula angustifolia)

Salvato in:
Dettagli Bibliografici
Autore principale: Bùi Thị Thơ Th.S (Chủ nhiệm đề tài)
Natura: Libro
Pubblicazione: 2013
Tags: Aggiungi Tag
Nessun Tag, puoi essere il primo ad aggiungerne! !
Thư viện lưu trữ: Mạng thư viện Đại học Đà Nẵng
LEADER 00730nam a2200229 4500
001 000021117
003 17564
005 20150406140436.0
008 150406s2013 sd
100 1 |a Bùi Thị Thơ  |c Th.S  |e Chủ nhiệm đề tài 
245 1 0 |a Nghiên cứu quy trình nhân giống in vitro cây Lavender (Lavandula angustifolia)  |c Bùi Thị Thơ 
260 |c 2013 
500 |a Đề tài NCKH cấp Đại học Đà Nẵng . Mã số : Đ 2013-03-42 
OWN |a LSP 
999 |a From the UDN01 
TYP |a Mixed Materials 
TYP |a Monograph 
TYP |a Printed language 
980 |a Mạng thư viện Đại học Đà Nẵng